zpět

Detail výsledku týmu

U Dvou dobráků PO, Opava

Datum a čas kvízu

22.5 Celkem bodů Celkový počet nahraných bodů na tomto kvízu bez doplňovacích otázek.
7. Pořadí na kvízu Konečné umístění týmu na tomto kvízu.

Zaznamenané odpovědi

# Otázka Odpověď Body Výsledky
1. Centrum pro výzkum veřejného m... Pavel Rychetský 0
2. V pařížské katedrále Notre-Dam... všichni museli mít na hlavách stavební přilby 1
3. Odpolední sobotní program fest... Milovice 1
4. V úterý se v londýnské aukční... Ludwig van Beethoven 1
5. Tour de France přišla ještě př... Chris Froome 0
6. Google vyhledávač má svou rozš... (Google) Scholar 1
7. Jestliže zadáme do předmětného... A) proč kluci dělají cucfleky 0
8. Při použití vyhledávače, o něm... easter egg (velikonoční vajíčko) 1
9. K čemu v době založení společn... úložiště dat 0
10. Koncept svátečního loga (tzv.... Den sv. Patrika 0